000 00469nam a22001817a 4500
005 20250415120538.0
008 250411b |||||||| |||| 00| 0 eng d
020 _a978-93-91211-08-0
041 _aeng
082 _a348.5 SIN-P
100 _aSINGH, JUSTICE G.P.
_98609
245 _aPRINCIPLES OF STATUTORY INTERPRETATION
250 _a15TH ED. 2022
260 _aGURGAON
_bLEXIX NEXIS
_c2022
300 _a727;P
650 _aLEGAL STUDIES
_98608
942 _cBK
999 _c8739
_d8737